000 01576cam a2200373 a 4500
001 710753
003 GZU
005 20260424082618.0
008 971002s1998 paua b 001 0 eng c
010 _a 97042368
020 _a0397584318
020 _a9780397584314
022 _a.
035 _a710753
040 _aDNLM/DLC
_cDLC
_dGZULib
_beng
_erda
050 0 0 _aQM451
_b.BAR 1998
100 1 _aKiernan, J. A.
_q(John Alan)
_dauthor
245 1 0 _aBarr's The human nervous system :
_ban anatomical viewpoint /
_cJohn A. Kiernan.
246 3 0 _aHuman nervous system
250 _aSeventh edition
260 _aPhiladelphia :
_bLippincott-Raven,
_cc1998.
300 _aix, 518 pages :
_billustrations (some colour) ;
_c26 cm. +
_e1 computer disk (3 1/2 in.)
336 _atext
_btxt
_2rdacontent
337 _aunmediated
_bn
_2rdamedia
338 _avolume
_bnc
_2rdacarrier
504 _aIncludes bibliographical references and index.
505 _a.
520 _a.
538 _aSystem requirements for computer disk: IBM-compatible PC, preferably with an 80386 or better (80486 or Pentium) processor; 500 kilobytes of free conventional RAM memory; a hard disk with about 1.5 megabytes of free space; a color monitor (VGA preferred); a mouse is not recommended; an MS-DOS or equivalent operating system must be available (Version 3.3 or higher is recommended).
650 0 _aNeuroanatomy.
650 1 2 _aNervous System
_xanatomy & histology.
700 1 _aBarr, Murray Llewellyn,
_d1908-
_tHuman nervous system.
942 _2lcc
_cBK
_eSeventh edition
_h451
_iBAR
_kQM
999 _c6736
_d6736